Vista normal
Vista MARC
Entrada Personal Name
Número de registros utilizados en: 1
001 - CONTROL NUMBER
- control field: 858
003 - CONTROL NUMBER IDENTIFIER
- control field: OSt
005 - DATE AND TIME OF LATEST TRANSACTION
- control field: 20200224110324.0
008 - FIXED-LENGTH DATA ELEMENTS
- fixed length control field: 200224|| aca||aabn | a|a d
040 ## - CATALOGING SOURCE
- Original cataloging agency: OSt
- Transcribing agency: OSt
100 ## - HEADING--PERSONAL NAME
- Personal name: Guevara, Santiago,
670 ## - SOURCE DATA FOUND
- Source citation: Work cat.: (OSt)0: Vélez González, Rubén Darío, autor 855, Hip, hipopótamo vagabundo /